[Event "OP-2011-0-01904"]
[Site "LSS email"]
[Date "2011.11.26"]
[Round "?"]
[White "Janicki, Michael"]
[Black "Rosado, Raphael"]
[Result "1-0"]
[WhiteElo "1310"]
[BlackElo "1999"]
[PlyCount "31"]
[EventDate "2011.11.23"]
[EventType "tourn (corr)"]
[EventRounds "4"]
[EventCountry "GER"]
[SourceTitle "Corr 2015"]
[Source "ChessBase"]
[SourceDate "2015.07.17"]
[SourceVersion "1"]
[SourceVersionDate "2015.07.17"]
[SourceQuality "1"]

1. d4 d5 2. Nc3 Nf6 3. Bg5 c5 4. Bxf6 gxf6 5. e4 dxe4 6. dxc5 f5 7. Qxd8+ Kxd8 8. 0-0-0+ Bd7 9. b4 Bg7 10. Nge2 Nc6 11. a3 Ne5 12. Nd4 Ke8 13. Bb5 Nc6 14. Nde2 Rc8 15. Kb2 Be5 16. g3 1-0

[Event "OP-2011-0-01904"]
[Site "LSS email"]
[Date "2011.11.26"]
[Round "?"]
[White "Rosado, Raphael"]
[Black "Mazur, Adam"]
[Result "0-1"]
[WhiteElo "1999"]
[BlackElo "945"]
[PlyCount "20"]
[EventDate "2011.11.23"]
[EventType "tourn (corr)"]
[EventRounds "4"]
[EventCountry "GER"]
[SourceTitle "Corr 2015"]
[Source "ChessBase"]
[SourceDate "2015.07.17"]
[SourceVersion "1"]
[SourceVersionDate "2015.07.17"]
[SourceQuality "1"]

1. d4 d5 2. Bf4 Nf6 3. e3 Nc6 4. Nf3 Bf5 5. c4 dxc4 6. Bxc4 e6 7. Nc3 Bb4 8. 0-0 0-0 9. Ne5 Nxe5 10. Bxe5 Re8 0-1

[Event "FICGS class C 000073 email"]
[Site "FICGS email"]
[Date "2008.02.10"]
[Round "1"]
[White "Kirali, Hasan"]
[Black "Rosado, Raphael"]
[Result "1-0"]
[WhiteElo "1600"]
[BlackElo "1629"]
[PlyCount "33"]
[EventDate "2008.??.??"]
[EventType "tourn (corr)"]
[EventRounds "4"]
[SourceTitle "Corr 2022"]
[Source "ChessBase"]
[SourceDate "2021.10.24"]
[SourceVersion "1"]
[SourceVersionDate "2021.10.24"]
[SourceQuality "1"]

1. e4 c6 2. d4 d5 3. Nc3 dxe4 4. Nxe4 Bf5 5. Ng3 Bg6 6. h4 h6 7. Nf3 Nd7 8. h5 Bh7 9. Bd3 Bxd3 10. Qxd3 e6 11. Bf4 Qa5+ 12. Bd2 Bb4 13. c3 Be7 14. c4 Qc7 15. 0-0 Ngf6 16. Rfe1 0-0 17. Bc3 1-0

[Event "FICGS class D 000079 email"]
[Site "FICGS email"]
[Date "2008.02.07"]
[Round "1"]
[White "Griffin, Chuck"]
[Black "Rosado, Raphael"]
[Result "1-0"]
[WhiteElo "1600"]
[BlackElo "1629"]
[PlyCount "39"]
[EventDate "2008.??.??"]
[EventType "tourn (corr)"]
[EventRounds "6"]
[SourceTitle "Corr 2022"]
[Source "ChessBase"]
[SourceDate "2021.10.24"]
[SourceVersion "1"]
[SourceVersionDate "2021.10.24"]
[SourceQuality "1"]

1. e4 c6 2. d4 d5 3. Nc3 dxe4 4. Bc4 Nf6 5. f3 exf3 6. Nxf3 Bf5 7. Be3 e6 8. Ne5 Bg6 9. Nxg6 hxg6 10. Bg5 Be7 11. Ne2 Nbd7 12. Qd3 Nd5 13. Bf4 N7f6 14. 0-0-0 b5 15. Bxd5 Nxd5 16. g3 Nb4 17. Qb3 Qd5 18. Qxd5 cxd5 19. Kb1 g5 20. Be5 1-0

[Event "FICGS class D 000077 email"]
[Site "FICGS email"]
[Date "2008.01.20"]
[Round "1"]
[White "Nguyen, Hao Nhien"]
[Black "Rosado, Raphael"]
[Result "0-1"]
[WhiteElo "1600"]
[BlackElo "1629"]
[PlyCount "38"]
[EventDate "2008.??.??"]
[EventType "tourn (corr)"]
[EventRounds "6"]
[SourceTitle "Corr 2022"]
[Source "ChessBase"]
[SourceDate "2021.10.24"]
[SourceVersion "1"]
[SourceVersionDate "2021.10.24"]
[SourceQuality "1"]

1. e4 c6 2. d4 d5 3. Nc3 dxe4 4. f3 exf3 5. Nxf3 Bf5 6. Bc4 Nf6 7. Ne5 e6 8. Bg5 h6 9. Bxf6 Qxf6 10. 0-0 Nd7 11. g4 Nxe5 12. dxe5 Qg5 13. Qf3 h5 14. Ne4 Bxe4 15. Qxe4 Bc5+ 16. Kh1 hxg4 17. Qg2 g3 18. h3 Qg4 19. Rad1 Rxh3+ 0-1

[Event "FICGS class C 000042 email"]
[Site "FICGS email"]
[Date "2007.05.06"]
[Round "1"]
[White "Rosado, Raphael"]
[Black "Carrizo, Jose Luis"]
[Result "0-1"]
[WhiteElo "1700"]
[BlackElo "1724"]
[PlyCount "72"]
[EventDate "2007.??.??"]
[EventType "tourn (corr)"]
[EventRounds "4"]
[SourceTitle "Corr 2022"]
[Source "ChessBase"]
[SourceDate "2021.10.24"]
[SourceVersion "1"]
[SourceVersionDate "2021.10.24"]
[SourceQuality "1"]

1. d4 d5 2. Nf3 c6 3. e3 Nf6 4. b3 Bf5 5. Bb2 e6 6. Be2 Nbd7 7. Nbd2 Be7 8. c4 h6 9. 0-0 0-0 10. a3 Ne4 11. Nxe4 Bxe4 12. Rc1 Bd6 13. Bd3 f5 14. Qe2 Qf6 15. Nd2 Qh4 16. f4 Nf6 17. Nf3 Qh5 18. Ne5 Bxd3 19. Qxd3 Bxe5 20. fxe5 Ne4 21. a4 Rac8 22. Ba3 Rfe8 23. Bd6 Kh7 24. c5 g5 25. b4 g4 26. g3 Qh3 27. Rc2 h5 28. b5 h4 29. bxc6 bxc6 30. Rg2 hxg3 31. hxg3 Kg6 32. Rh2 Qxg3+ 33. Rg2 Qh4 34. Rh2 Qg5 35. Kg2 Rh8 36. Rfh1 Rh3 0-1